Online katalóg knižníc regiónu Turca

Napoleon a bitka pri Marengu (Record no. 23481)

MARC details
000 -LEADER
fixed length control field 02447cam a2200625 4500
001 - CONTROL NUMBER
control field 23481
003 - CONTROL NUMBER IDENTIFIER
control field VRT
005 - DATE AND TIME OF LATEST TRANSACTION
control field 20260624123139.0
008 - FIXED-LENGTH DATA ELEMENTS--GENERAL INFORMATION
fixed length control field 240522t2023 xo obc grn 001 0 slo
015 ## - NATIONAL BIBLIOGRAPHY NUMBER
National bibliography number SNBA2024/06
020 ## - INTERNATIONAL STANDARD BOOK NUMBER
International Standard Book Number 9788082022264
Qualifying information (viazané)
039 #9 - LEVEL OF BIBLIOGRAPHIC CONTROL AND CODING DETAIL [OBSOLETE]
Level of rules in bibliographic description 202406191003
Level of effort used to assign nonsubject heading access points msnk24
Level of effort used to assign subject headings 202405241031
Level of effort used to assign classification msnk03
040 ## - CATALOGING SOURCE
Original cataloging agency SAVUK
Language of cataloging slo
Transcribing agency SAVUK
Modifying agency SNK
Description conventions rda
041 1# - LANGUAGE CODE
Language code of text/sound track or separate title slo
Language code of original swe
044 ## - COUNTRY OF PUBLISHING/PRODUCING ENTITY CODE
MARC country code xo
ISO country code SK
072 #7 - SUBJECT CATEGORY CODE
Subject category code 355/359
Subject category code subdivision Vojenstvo. Obrana krajiny. Ozbrojené sily
Source konspekt
080 ## - UNIVERSAL DECIMAL CLASSIFICATION NUMBER
Universal Decimal Classification number 929.731-055.1
Edition identifier 2011
080 ## - UNIVERSAL DECIMAL CLASSIFICATION NUMBER
Universal Decimal Classification number 355.483(450.218)"1800"
Edition identifier 2011
080 ## - UNIVERSAL DECIMAL CLASSIFICATION NUMBER
Universal Decimal Classification number 355.483(4)"1800/1815"
Edition identifier 2011
080 ## - UNIVERSAL DECIMAL CLASSIFICATION NUMBER
Universal Decimal Classification number 355.42
Edition identifier 2011
080 ## - UNIVERSAL DECIMAL CLASSIFICATION NUMBER
Universal Decimal Classification number 930.1:303.833.5
Edition identifier 2011
080 ## - UNIVERSAL DECIMAL CLASSIFICATION NUMBER
Universal Decimal Classification number (0:82-96)
Edition identifier 2011
100 1# - MAIN ENTRY--PERSONAL NAME
Personal name Liska, Paul,
Dates associated with a name 1953-
Relationship aut
240 10 - UNIFORM TITLE
Uniform title Napoleon och slaget vid Marengo
Language of a work Slovensky
245 10 - TITLE STATEMENT
Title Napoleon a bitka pri Marengu
Statement of responsibility, etc. Paul Liska ; zo švédskeho originálu Napoleon och slaget vid Marengo ... preložila Zuzana Inczingerová
250 ## - EDITION STATEMENT
Edition statement Prvé vydanie
264 #1 - PRODUCTION, PUBLICATION, DISTRIBUTION, MANUFACTURE, AND COPYRIGHT NOTICE
Place of production, publication, distribution, manufacture Bratislava
Name of producer, publisher, distributor, manufacturer Vydavateľstvo Spolku slovenských spisovateľov
Date of production, publication, distribution, manufacture, or copyright notice 2023
300 ## - PHYSICAL DESCRIPTION
Extent 239 strán
Other physical details fotografie (prevažne farebné), mapy, portréty
Dimensions 22 cm
336 ## - CONTENT TYPE
Content type term text
Content type code txt
Source rdacontent
336 ## - CONTENT TYPE
Content type term statický obraz
Content type code sti
Source rdacontent
337 ## - MEDIA TYPE
Media type term bez média
Media type code n
Source rdamedia
338 ## - CARRIER TYPE
Carrier type term zväzok
Carrier type code nc
Source rdacarrier
504 ## - BIBLIOGRAPHY, ETC. NOTE
Bibliography, etc. note Obsahuje bibliografiu na strane 232-233 a register
600 07 - SUBJECT ADDED ENTRY--PERSONAL NAME
Personal name Napoleon
Numeration I.,
Titles and other words associated with a name francúzsky cisár,
Dates associated with a name 1769-1821
Source of heading or term SNKMA
648 #7 - SUBJECT ADDED ENTRY--CHRONOLOGICAL TERM
Chronological term 18.-19. storočie
Source of heading or term SNKPH
648 #7 - SUBJECT ADDED ENTRY--CHRONOLOGICAL TERM
Chronological term 18th-19th centuries
Source of heading or term SNKPHeng
650 07 - SUBJECT ADDED ENTRY--TOPICAL TERM
Topical term or geographic name entry element panovníci
Source of heading or term SNKPH
650 07 - SUBJECT ADDED ENTRY--TOPICAL TERM
Topical term or geographic name entry element bitka pri Marengu (1800 : Marengo, Alessandria, Taliansko)
Source of heading or term SNKPH
650 07 - SUBJECT ADDED ENTRY--TOPICAL TERM
Topical term or geographic name entry element napoleonské vojny (1800-1815)
Source of heading or term SNKPH
650 07 - SUBJECT ADDED ENTRY--TOPICAL TERM
Topical term or geographic name entry element vojenská taktika
Source of heading or term SNKPH
650 07 - SUBJECT ADDED ENTRY--TOPICAL TERM
Topical term or geographic name entry element interpretácia dejín
Source of heading or term SNKPH
650 07 - SUBJECT ADDED ENTRY--TOPICAL TERM
Topical term or geographic name entry element Kings and rulers
Source of heading or term SNKPHeng
650 07 - SUBJECT ADDED ENTRY--TOPICAL TERM
Topical term or geographic name entry element Battle of Marengo (1800 : Marengo, Alessandria, Italy)
Source of heading or term SNKPHeng
650 07 - SUBJECT ADDED ENTRY--TOPICAL TERM
Topical term or geographic name entry element Napoleonic Wars (1800-1815)
Source of heading or term SNKPHeng
650 07 - SUBJECT ADDED ENTRY--TOPICAL TERM
Topical term or geographic name entry element Military tactics
Source of heading or term SNKPHeng
650 07 - SUBJECT ADDED ENTRY--TOPICAL TERM
Topical term or geographic name entry element interpretation of history
Source of heading or term SNKPHeng
655 #7 - INDEX TERM--GENRE/FORM
Genre/form data or focus term literatúra faktu
Source of term SNKPH
655 #7 - INDEX TERM--GENRE/FORM
Genre/form data or focus term Non fiction
Source of term SNKPHeng
700 1# - ADDED ENTRY--PERSONAL NAME
Personal name Inczingerová, Zuzana
Relationship trl
942 ## - ADDED ENTRY ELEMENTS (KOHA)
Source of classification or shelving scheme Dewey Decimal Classification
Koha item type Krásna literatúra pre deti
Suppress in OPAC No
949 ## - LOCAL PROCESSING INFORMATION (OCLC)
6 2889394928
a savukS 167570
b savuk2024/773
949 ## - LOCAL PROCESSING INFORMATION (OCLC)
6 17A1547770
a snkSC 206542
b snk2024/8243
o 715/24
949 ## - LOCAL PROCESSING INFORMATION (OCLC)
6 17A1547771
a snkSC 206542 D1
b snk2024/8244
o 715/24
Holdings
Stav vyradenia Strata Poškodenie Spôsob nadobudnutia Domovská knižnica Aktuálna knižnica Dátum nadobudnutia Total checkouts Čiarový kód exemplára Date last seen Typ exemplára
      Dar Mestská knižnica Turany Mestská knižnica Turany 24.06.2026   4712401419 24.06.2026 Krásna literatúra pre deti
Projekt je podporený Slovenskou asociáciou knižníc
Prevádzkuje Turčianska knižnica Martin 2026